| 000 | 02408cam a2200325 4500 | ||
|---|---|---|---|
| 001 | ##L132886 | ||
| 002 | ##9382 | ||
| 008 | 060317n2006 000 0 eng u | ||
| 020 | _a1858113342 | ||
| 035 | _a(Sirsi) u132886 | ||
| 041 | 0 | _aeng | |
| 050 | 0 | 4 | _a346.4104343 $2 18 |
| 100 | 1 | _aParsons, Andrew E. | |
| 245 | 0 | 0 | _aTenant default under commercial leases |
| 260 |
_aWelwyn Garden City _bxpl law _c2006 |
||
| 300 |
_axxviii, 304p. _c2006 |
||
| 350 | _a48 | ||
| 505 | 0 | _aTenant default -- Action for rent/service charge arrears -- Claim for possession --Peaceable re-entry -- Distress -- Sureties -- Original tenant/assignee liability -- Dilapidations -- Unlawful assignments and sub-letting -- Unauthorised alterations --. Unauthorised use -- A practical approach to breaches of judgments -- Statutory demands -- Enforcement of judgments -- Effect of insolvency on enforcement of judgments -- Disclaimer -- Forfeiture and insolvency -- Sub-tenants and mortgagees -- Recovery of costs -- Instalment arrangements -- Precedents. | |
| 520 | _aFocuses on commercial tenant default, an area of major concern to landlords and their professional advisers. Where landlord and tenant law and the debt collection process cross over, practical and legal problems for the professionals are numerous. Provides the materials needed to take prompt action when the signs of default such as non-payment of rent or service charge, failure to repair, breach of user covenants or insolvency become evident. Explains the options available and advice on how to proceed. Includes the effects of the new Civil Procedure Rules Part 55 and cases and the accompanying Practice Direction and also takes account of the Landlord and Tenant Act 1954 reforms, the new insolvency legislation under the Insolvency Act 2000 and Enterprise Act 2002. The law is stated as at October 2005. | ||
| 520 | _aSupersedes the third edition (ISBN 1858112400) | ||
| 590 | _aKA | ||
| 650 | 2 | 4 | _aLANDLORD AND TENANT ACT 1954 |
| 650 | 2 | 4 | _aCIVIL PROCEDURE RULES PART 55 |
| 650 | 2 | 4 | _aENTERPRISE ACT 2002 |
| 650 | 2 | 4 | _aINSOLVENCY ACT 2000 |
| 651 | 4 |
_aEngland and Wales _y1543- |
|
| 690 | _aPROPERTY-COMMERCIAL PROPERTY-LEASEHOLD COMMERCIAL PROPERTY-COMMERCIAL LANDLORD AND TENANT-BUSINESS TENANCIES-BUSINESS TENANTS | ||
| 690 | _aPROPERTY-COMMERCIAL PROPERTY-COMMERCIAL LANDLORD AND TENANT-COMMERCIAL SERVICE CHARGES | ||
| 942 | _n0 | ||
| 999 |
_c105274 _d105274 |
||